Загрузка...
Energy in a finite world
| Главный автор: | |
|---|---|
| Формат: | Printed Book |
| Опубликовано: |
International Institute for Applied Analysis, Austria
1981
|
| Предметы: |
| LEADER | 00525nam a2200193 4500 | ||
|---|---|---|---|
| 020 | |||
| 082 | |a 333.79 MCD-E | ||
| 100 | |a McDonald, Alan | ||
| 245 | |a Energy in a finite world | ||
| 250 | |||
| 260 | |a International Institute for Applied Analysis, Austria |c 1981 | ||
| 300 | |a 68 | ||
| 490 | |||
| 500 | |||
| 590 | |a Bejoy | ||
| 650 | |a Power resources,Energy policy | ||
| 942 | |c BK | ||
| 999 | |c 83231 |d 83231 | ||
| 952 | |0 0 |1 0 |4 0 |6 333_790000000000000_MCDE |7 0 |9 96699 |a PHY |b PHY |l 0 |o 333.79 MCD-E |p PHY04890 |r 2019-09-24 |w 2019-09-24 |y BK | ||